The noble scholar, jurist, historian


 His Excellency Dr. Abdul Wahhab bin Ibrahim Abu Sulaiman, may Allah have mercy on him.


 He was born in Umm Al-Qura in the year 1356 AH.

رحلة العبدري، المسماه، الرحلة المغربية / (Record no. 11622)

MARC details
000 -LEADER
fixed length control field 01582cam a22003251i 4500
003 - CONTROL NUMBER IDENTIFIER
control field SA-RiAUC
005 - DATE AND TIME OF LATEST TRANSACTION
control field 20250911121031.0
008 - FIXED-LENGTH DATA ELEMENTS--GENERAL INFORMATION
fixed length control field 250906s1968 mr g b f00100 ara c
040 ## - CATALOGING SOURCE
Original cataloging agency SA-RiAUC
Language of cataloging ara
Transcribing agency SA-RiAUC
Description conventions rda
050 #4 - LIBRARY OF CONGRESS CALL NUMBER
Item number .A23 1968
082 04 - DEWEY DECIMAL CLASSIFICATION NUMBER
Classification number 915.31204
Assigning agency SA-RiAUC
090 ## - LOCALLY ASSIGNED LC-TYPE CALL NUMBER (OCLC); LOCAL CALL NUMBER (RLIN)
Classification number (OCLC) (R) ; Classification number, CALL (RLIN) (NR) 915.31204
Local cutter number (OCLC) ; Book number/undivided call number, CALL (RLIN) ع ب د
100 1# - MAIN ENTRY--PERSONAL NAME
Personal name العبدري، محمد بن محمد بن علي،
Dates associated with a name توفي حوالي 700 هجري
Relator term مؤلف.
245 10 - TITLE STATEMENT
Title رحلة العبدري، المسماه، الرحلة المغربية /
Statement of responsibility, etc. محمد بن محمد العبدري ؛ تحقيق وتقديم وتعليق محمد الفاسي.
246 33 - VARYING FORM OF TITLE
Title proper/short title الرحلة المغربية
264 #1 - PRODUCTION, PUBLICATION, DISTRIBUTION, MANUFACTURE, AND COPYRIGHT NOTICE
Place of production, publication, distribution, manufacture الرباط :
Name of producer, publisher, distributor, manufacturer جامعة محمد الخامس :
-- وزارة الدولة المكلفة بالشؤون الثقافية والتعليم الأصلي،
Date of production, publication, distribution, manufacture, or copyright notice 1968
300 ## - PHYSICAL DESCRIPTION
Extent أ-ط، 352 صفحة ؛
Dimensions 24 سم.
336 ## - CONTENT TYPE
Content type term نص
Content type code txt
Source rdacontent
Materials specified كتاب
337 ## - MEDIA TYPE
Media type term بدون وسيط
Media type code n
Source rdamedia
338 ## - CARRIER TYPE
Carrier type term مجلد
Carrier type code nc
Source rdacarrier
490 1# - SERIES STATEMENT
Series statement الرحلات ؛
Volume/sequential designation 4
500 ## - GENERAL NOTE
General note يشتمل على كشافات.
500 ## - GENERAL NOTE
General note تعرف أيضا بعنوان : ما سما إليه الناظر المطرق في خير الرحلة إلى بلاد المشرق.
504 ## - BIBLIOGRAPHY, ETC. NOTE
Bibliography, etc. note يشتمل على إرجاعات ببليوجرافية.
651 #7 - SUBJECT ADDED ENTRY--GEOGRAPHIC NAME
Geographic name مكة المكرمة
General subdivision وصف ورحلات
Source of heading or term aucsh
700 1# - ADDED ENTRY--PERSONAL NAME
Personal name الفاسي، محمد،
Dates associated with a name 1908-1991
Relator term محقق.
830 #2 - SERIES ADDED ENTRY--UNIFORM TITLE
Uniform title الرحلات
Volume/sequential designation 4
942 ## - ADDED ENTRY ELEMENTS (KOHA)
Source of classification or shelving scheme Dewey Decimal Classification
Koha item type Books
Suppress in OPAC No
949 ## - LOCAL PROCESSING INFORMATION (OCLC)
a SA-JeALM
d 250906
u mohamedma123
n 1
Holdings
Withdrawn status Lost status Source of classification or shelving scheme Damaged status Not for loan Home library Current library Date acquired Total checkouts Full call number Barcode Date last seen Price effective from Koha item type
    Dewey Decimal Classification     DR AbdElwahab Library DR AbdElwahab Library 09/11/2025   915.31204 ع ب د 000018770 09/11/2025 09/11/2025 Books